Les techniques de la civilisation industrielle:

Gardado en:
Detalles Bibliográficos
Formato: Libro
Idioma:Undetermined
Publicado: Paris Presses Universitaires de France 1979
Những chủ đề:
Các nhãn: Engadir etiqueta
Sen Etiquetas, Sexa o primeiro en etiquetar este rexistro!
Thư viện lưu trữ: Trung tâm Học liệu Trường Đại học Cần Thơ
LEADER 00459nam a2200157Ia 4500
001 CTU_86124
008 210402s9999 xx 000 0 und d
082 |a 338.9 
082 |b T255 
245 0 |a Les techniques de la civilisation industrielle: 
260 |a Paris 
260 |b Presses Universitaires de France 
260 |c 1979 
650 |a Economic,Technology and civilizations 
904 |i Năm 
980 |a Trung tâm Học liệu Trường Đại học Cần Thơ